| 000 | 00382nac a22001331u 4500 | ||
|---|---|---|---|
| 008 | 221016b |||||||| |||| 00| 0 eng d | ||
| 020 | _a0750666889 | ||
| 082 | _a658.472 | ||
| 245 | _aManagement extra: Information and knowledge management | ||
| 260 |
_aBurlington _bElsevier,2005 _c2005 |
||
| 300 |
_a1v. ; _c24 cm. |
||
| 650 |
_aIndustrial management _933560 |
||
| 942 |
_cBB _k658.472 _2ddc |
||
| 999 |
_c201 _d201 |
||